Urbanismo y Derecho en el Imperio de Justiniano (527-565 D.C.)

Bibliographic Details
Main Author: Rodrg̕uez Lp̤ez, Rosala̕
Format: eBook
Language:Spanish
Published: Madrid : Dykinson, 2012
Subjects:
Online Access:http://www.vlex.com/source/7012

MARC

LEADER 00000nam a22000007a 4500
005 20130221190850.0
007 cr| || ||||
008 130221e2012 sp |||||s|||| 00||0 spa d
020 |a 978-84-9031-239-1 
035 |a 7012 
040 |a vLex 
090 |c 3710  |d 3710 
100 1 0 |a Rodrg̕uez Lp̤ez, Rosala̕ 
245 1 0 |a Urbanismo y Derecho en el Imperio de Justiniano (527-565 D.C.)  |h [Recurso electrn̤ico] 
256 |a Servicio en ln̕ea 
260 |a Madrid :  |b Dykinson,   |c 2012  
300 |a 1 Recurso electrn̤ico 
650 0 4 |a Historia del Derecho 
650 0 4 |a Imperio bizantino 
650 0 4 |a Urbanismo 
740 |a vLex Libros (Servicio en ln̕ea) 
856 |a Acceso restringido  |u http://www.vlex.com/source/7012 
942 |c BOOK 
999 |a Law